Vision splendid: the future of the central African federation. (Record no. 413336)

000 -LEADER
fixed length control field 00378cam a22001217a 4500
008 - FIXED-LENGTH DATA ELEMENTS--GENERAL INFORMATION
fixed length control field 180718b1960 xxu||||| |||| 00| 0 eng d
082 ## - DEWEY DECIMAL CLASSIFICATION NUMBER
Classification number A6x689 P541
100 ## - MAIN ENTRY--PERSONAL NAME
Personal name Phillios, C.E. Lucas
245 ## - TITLE STATEMENT
Title Vision splendid: the future of the central African federation.
Statement of responsibility, etc. by C.E. Lucas Phillips
260 ## - PUBLICATION, DISTRIBUTION, ETC.
Place of publication, distribution, etc. London
Name of publisher, distributor, etc. Heinemann
Date of publication, distribution, etc. 1960
300 ## - PHYSICAL DESCRIPTION
Extent 384p
650 ## - SUBJECT ADDED ENTRY--TOPICAL TERM
Topical term or geographic name entry element Rhodesia and Nyasaland.
Holdings
Withdrawn status Lost status Damaged status Not for loan Permanent Location Current Location Date acquired Full call number Barcode Date last seen Price effective from Koha item type
        Indian Institute of Public Administration Indian Institute of Public Administration 2009-02-12 A6x689 P541 24610 2018-07-21 2018-07-21 Book

Powered by Koha